California's Bay Area Most Well-Known Cities By Letter - Statistics

General Stats
  • This quiz has been taken 65 times
  • The average score is 10 of 20
Answer Stats
Hint Answer % Correct
S San Francisco
96%
B Berkeley
78%
O Oakland
76%
F Fremont
69%
A Alameda
65%
V Vallejo
60%
D Daly City
56%
H Hayward
53%
P Palo Alto
53%
C Cupertino
49%
U Union City
47%
L Livermore
45%
N Napa
45%
R Redwood City
45%
E Emeryville
31%
G Gilroy
31%
W Walnut Creek
31%
M Martinez
18%
T Tiburon
13%
Y Yountville
11%
No matching quizzes found
Score Distribution
Percent of People with Each Score
Percentile by Number Answered
Your Score History
You have not taken this quiz